<?xml version="1.0" encoding="UTF-8"?>
<record
    xmlns:xsi="http://www.w3.org/2001/XMLSchema-instance"
    xsi:schemaLocation="http://www.loc.gov/MARC21/slim http://www.loc.gov/standards/marcxml/schema/MARC21slim.xsd"
    xmlns="http://www.loc.gov/MARC21/slim">

  <leader>01491    a2200217   4500</leader>
  <controlfield tag="001">46015</controlfield>
  <controlfield tag="005">20260407155733.0</controlfield>
  <controlfield tag="008">260407a1963    arg                 spa d</controlfield>
  <controlfield tag="003">AR-UNSa-BCEJYS</controlfield>
  <datafield tag="040" ind1=" " ind2=" ">
    <subfield code="a">AR-UNSa-BCEJYS</subfield>
    <subfield code="b">spa</subfield>
    <subfield code="c">AR-UNSa-BCEJYS</subfield>
  </datafield>
  <datafield tag="080" ind1=" " ind2=" ">
    <subfield code="a">101</subfield>
    <subfield code="x">Naturaleza y papel de la filosof&#xED;a</subfield>
  </datafield>
  <datafield tag="245" ind1="1" ind2="0">
    <subfield code="a">Lecciones preliminares de filosof&#xED;a</subfield>
  </datafield>
  <datafield tag="250" ind1=" " ind2=" ">
    <subfield code="a">9a. ed.</subfield>
  </datafield>
  <datafield tag="264" ind1=" " ind2="1">
    <subfield code="a">Buenos Aires :</subfield>
    <subfield code="b">Losada</subfield>
    <subfield code="c">1963</subfield>
  </datafield>
  <datafield tag="300" ind1=" " ind2=" ">
    <subfield code="a">ix, 409 p.</subfield>
    <subfield code="c">20 cm.</subfield>
  </datafield>
  <datafield tag="505" ind1=" " ind2=" ">
    <subfield code="a">1. El conjunto de la filosof&#xED;a &#x2013; 2. El m&#xE9;todo de la filosof&#xED;a &#x2013; 3. La intuici&#xF3;n como m&#xE9;todo de la filosof&#xED;a &#x2013; 4. Ingreso en la ontolog&#xED;a &#x2013; 5. La metaf&#xED;sica de Parm&#xE9;nides &#x2013; 6. El realismo de las ideas en plant&#xF3;n &#x2013; 7. El realismo aristot&#xE9;lico &#x2013; 8. La metaf&#xED;sica realista &#x2013; 9. Origen del idealismo &#x2013; 10. El sistema de descartes &#x2013; 11. Fenomenolog&#xED;a del conocimiento &#x2013; 12. El empirismo ingl&#xE9;s &#x2013; 13. El racionalismo &#x2013; 14. La metaf&#xED;sica del racionalismo &#x2013; 15. El problema del idealismo trascendental &#x2013; 16. La est&#xE9;tica trascendental &#x2013; 17. La est&#xE9;tica trascendental (2&#xAA; parte) &#x2013; 18. Anal&#xED;tica trascendental &#x2013; 19. Dial&#xE9;ctica trascendental &#x2013; 20. Fundamentos morales de la metaf&#xED;sica &#x2013; 21. El idealismo despu&#xE9;s de Kant &#x2013; 22. Entrada en la ontolog&#xED;a &#x2013; 23. De lo real y lo ideal &#x2013; 24. Ontolog&#xED;a de los valores &#x2013; 25. Ontolog&#xED;a de la vida.     </subfield>
  </datafield>
  <datafield tag="041" ind1=" " ind2=" ">
    <subfield code="a">spa</subfield>
  </datafield>
  <datafield tag="942" ind1=" " ind2=" ">
    <subfield code="c">BK</subfield>
  </datafield>
  <datafield tag="590" ind1=" " ind2=" ">
    <subfield code="a">niveau_biblio:m niveau_hierar:0</subfield>
  </datafield>
  <datafield tag="100" ind1="1" ind2=" ">
    <subfield code="a">Garc&#xED;a Morente, Manuel</subfield>
  </datafield>
  <datafield tag="999" ind1=" " ind2=" ">
    <subfield code="c">4117</subfield>
    <subfield code="d">4117</subfield>
  </datafield>
  <datafield tag="952" ind1=" " ind2=" ">
    <subfield code="0">0</subfield>
    <subfield code="1">0</subfield>
    <subfield code="4">0</subfield>
    <subfield code="7">0</subfield>
    <subfield code="a">BCEJYS</subfield>
    <subfield code="b">BCEJYS</subfield>
    <subfield code="c">16</subfield>
    <subfield code="d">2026-04-07</subfield>
    <subfield code="l">0</subfield>
    <subfield code="o">101 G216 9ed.</subfield>
    <subfield code="p">L20941</subfield>
    <subfield code="r">2026-04-07 15:57:33</subfield>
    <subfield code="w">2026-04-07</subfield>
    <subfield code="y">L</subfield>
  </datafield>
  <datafield tag="952" ind1=" " ind2=" ">
    <subfield code="0">0</subfield>
    <subfield code="1">0</subfield>
    <subfield code="4">0</subfield>
    <subfield code="7">0</subfield>
    <subfield code="a">BCEJYS</subfield>
    <subfield code="b">BCEJYS</subfield>
    <subfield code="c">16</subfield>
    <subfield code="d">2026-04-07</subfield>
    <subfield code="l">0</subfield>
    <subfield code="o">101 G216 9ed.</subfield>
    <subfield code="p">L20942</subfield>
    <subfield code="r">2026-04-07 15:57:33</subfield>
    <subfield code="w">2026-04-07</subfield>
    <subfield code="y">L</subfield>
  </datafield>
</record>
